Como proyectar los temas transversales /

Guardado en:
Autor Principal: Vazquez Maria Eugenia
Otros Autores: Cogo Mariela
Formato: Libro
Publicado: Buenos Aires : Gram, 1996
Materias:
Etiquetas: Agregar Etiqueta
Sin Etiquetas, Sea el primero en etiquetar este registro!
LEADER 00496nam a22001815a 4500
001 CEM.cems010410
005 20060214000000.0
008 130507s1996##################000#0#####d
003 CEMS
082 0 4 |a F370 
100 1 |a Vazquez Maria Eugenia 
245 1 0 |a Como proyectar los temas transversales / 
260 |a Buenos Aires :  |b Gram,  |c 1996 
300 |a 81 p. 
653 |a Educacion 
653 |a Temas transversales 
700 1 |a Cogo Mariela 
859 |a CEMS  |b BIB. CEMS - 11 de abril  |h F370  |i 93  |p 1705.44  |t Ej.1